000 00739nam a22002177a 4500
999 _c13000
_d13000
003 AR-CdUCM
008 190410b ||||| |||| 00| 0 spa d
040 _aMUNICIPALIDAD PROVINCIAL DEL CUSCO
_cBIBLIOTECA MUNICIPAL DEL CUSCO
041 _hge
082 _26ed
_a330.1 /
_bS31
100 _aSchneider, Erich
_922099
245 _aTeoría económica I :
_bTeoría de la circulación económica II :
_c Plan económico y equilibrio /
260 _aMadrid :
_bAguilar,
_c1962.
300 _a512 páginas ;
_c21 cm.
505 _aContenido: Ciencias económicas.
650 _aCiencias económicas
_97537
650 _aCiencia sociales
_931157
650 _aFormulas económicas
_931158
942 _2ddc
_cLIBROS
945 _adavv
_d10/04/2019